=LDR 00000nam 2200000 4500 =001 INLIS000000000044554 =005 20131008110152 =008 ***********************************Ind** =035 ##$$0010-101300000002476 =041 ##$$a Ind =082 ##$$a 664.8 =090 ##$$a 664.8 , San m =100 ##$$a Santoso, Hieronymus Budi =245 ##$$a Manisan Pepaya , Hieronymus Budi Santoso =850 ##$$a NBPNMAT